| 000 | 00394nam a2200121 4500 | ||
|---|---|---|---|
| 999 |
_c10531 _d10531 |
||
| 008 | 180905b ||||| |||| 00| 0 eng d | ||
| 100 |
_930892 _aCahiles-Magkilat, Bernie |
||
| 245 |
_aGov't to create micro funding, revive heritage industries/ _cBernie Cahiles-Magkilat |
||
| 260 |
_aPhilippines _bManila Bulletin _cc2016 |
||
| 300 | _apage B-5. | ||
| 650 | 0 |
_930893 _aIndustries. |
|
| 942 |
_2ddc _cPER |
||